Statistiques concernant paroles flashback favé(feat gazo)

Cliquez ici pour prendre le quiz!

Statistiques générales

  • Ce quiz a été pris 301 fois
  • Le résultat moyen est 236 sur 387

Statistiques - réponses

IndiceRéponse% Correct
j'ai
92%
jai
92%
la
92%
deux
91%
des
88%
on
88%
night
87%
à
86%
nous
86%
tard
83%
quand
81%
est
80%
au
79%
dans
79%
intro dans
79%
ma
79%
crane
76%
flashbacks
75%
son
75%
ride
75%
son
75%
billet
74%
bleu
74%
aucun
70%
elle
70%
le
68%
pas
68%
je
67%
collant
66%
en
66%
kichta
65%
compact
64%
sur
64%
me
63%
et
60%
tenue
60%
un
59%
joli
58%
ton
58%
demain
56%
talon
56%
bu
55%
faire
55%
mon
55%
p'tite
54%
les
53%
refrain | refrain x2ouais
53%
que
52%
si
51%
mais
50%
ok
50%
défile
49%
d'nous
49%
j'suis
49%
sous
49%
j'arrache
48%
poumons
47%
du
46%
pacte
45%
beuh
44%
parolej'sais
44%
sale
44%
tel-ho
44%
ces
42%
meme
42%
se
42%
démon
41%
t'es
41%
compacte
40%
belle
39%
high
39%
essentiel
38%
j'serai
38%
lumière
38%
tu
38%
qui
37%
sais
37%
passé
35%
tout
35%
fais
32%
amoureux
30%
j'vois
30%
qu'elle
30%
route
30%
jamais
28%
j'te
28%
moments
28%
rendre
28%
couleur
26%
plus
26%
qu'demain
26%
ralentir
26%
j'le
25%
m'est
25%
peine
25%
pourras
25%
menti
24%
j'peux
23%
donc
22%
ébène
22%
accumule
21%
paye
21%
tracée
21%
avec
20%
c'est
20%
l'appartement
20%
problèmes
20%
qu'il
20%
faut
19%
j'les
19%
voit
19%
broliqué
18%
mentir
18%
une
18%
babe
17%
j'touche
17%
dos
16%
surelle
16%
baby
15%
ferai
15%
promet
15%
ter-mon
14%
défiles
13%
poids
13%
recasse
13%
atèle
12%
content
11%
elles
11%
estdeux
10%
d'humeur
9%
rappellent
7%
pookies
6%
repartent
6%
en p'tite
5%
oui
5%

Distribution des résultats

Percentile par nombre de réponses

% des personnes avec chaque résultat

Votre développement - résultats

Vous n’avez pas pris ce quiz